Catálogo
 En Linea

La consagración de la primavera / (Registro nro. 12108)

Detalles MARC
000 -CABECERA
campo de control de longitud fija 00847nam a2200241 a 4500
001 - NÚMERO DE CONTROL
campo de control 000012451
005 - FECHA Y HORA DE LA ÚLTIMA TRANSACCIÓN
campo de control 20200929163027.0
008 - DATOS DE LONGITUD FIJA--INFORMACIÓN GENERAL
campo de control de longitud fija 091112s1969 ve 001 f spa d
040 ## - FUENTE DE LA CATALOGACIÓN
Centro catalogador/agencia de origen DO-SdBNP
Lengua de catalogación spa
Centro/agencia transcriptor BNPHU
041 17 - CÓDIGO DE LENGUA
Código de lengua del texto/banda sonora o título independiente spa
Código de lengua original fre
Fuente del código Código de idioma MARC
082 ## - NÚMERO DE LA CLASIFICACIÓN DECIMAL DEWEY
Número de clasificación 843.914
Número de documento/Ítem S594c
049 ## - FONDOS LOCALES (OCLC)
Fondos de biblioteca BNGR
100 1# - ENTRADA PRINCIPAL--NOMBRE DE PERSONA
Nombre de persona Simón, Claude,
Fechas asociadas al nombre 1913-2005.
9 (RLIN) 29177
240 13 - TÍTULO UNIFORME
Título uniforme Le sacre du printemps
Lenguaje de la obra español
245 13 - MENCIÓN DE TÍTULO
Título La consagración de la primavera /
Mención de responsabilidad, etc. Claude Simón ; traductor, Julio E. Miranda, Roseline Paelinck.
260 ## - PUBLICACIÓN, DISTRIBUCIÓN, ETC.
Lugar de publicación, distribución, etc. Caracas :
Nombre del editor, distribuidor, etc. Monte Ávila,
Fecha de publicación, distribución, etc. 1969.
300 ## - DESCRIPCIÓN FÍSICA
Extensión 250 p. ;
Dimensiones 20 cm.
534 ## - NOTA SOBRE LA VERSIÓN ORIGINAL
Frase introductoria Título original en francés:
Mención de título del original Le sacre du printemps
650 #4 - PUNTO DE ACCESO ADICIONAL DE MATERIA--TÉRMINO DE MATERIA
Término de materia o nombre geográfico como elemento de entrada Novela francesa
9 (RLIN) 1075
650 #4 - PUNTO DE ACCESO ADICIONAL DE MATERIA--TÉRMINO DE MATERIA
Término de materia o nombre geográfico como elemento de entrada Literatura francesa
Subdivisión cronológica SIGLO XX
9 (RLIN) 4232
700 1# - PUNTO DE ACCESO ADICIONAL--NOMBRE DE PERSONA
Nombre de persona Miranda, Julio E.,
Término indicativo de función/relación tr.
9 (RLIN) 29178
700 1# - PUNTO DE ACCESO ADICIONAL--NOMBRE DE PERSONA
Nombre de persona Paelinck, Roseline,
Fechas asociadas al nombre tr.
9 (RLIN) 29179
Existencias
Estado de retiro Estado de pérdida Restricciones de uso No para préstamo Código de colección Localización permanente Ubicación/localización actual Ubicación en estantería Fecha de adquisición Número de inventario Total de préstamos Signatura topográfica completa Código de barras Fecha visto por última vez Precio válido a partir de Tipo de ítem Koha
    Préstamo interno   Monografías: Libros y Folletos General General En catalogación 12.11.2009 LF1   843.914 S594c 12451-10 25.06.2020 25.06.2020 Préstamo interno

Con tecnología Koha